La impremta valenciana (Record no. 9536)
[ view plain ]
| 000 -LEADER | |
|---|---|
| campo de control de longitud fija | 01002nam a2200265 i 4500 |
| 001 - NÚMERO DE CONTROL | |
| campo de control | 9536 |
| 003 - IDENTIFICADOR DE NÚMERO DE CONTROL | |
| campo de control | ES-MaACL |
| 005 - FECHA Y HORA DE LA ÚLTIMA TRANSACCIÓN | |
| campo de control | 20250817142243.0 |
| 007 - CAMPO FIJO DE DESCRIPCIÓN FÍSICA--INFORMACIÓN GENERAL | |
| campo de control de longitud fija | t| |
| 008 - DATOS DE LONGITUD FIJA--INFORMACIÓN GENERAL | |
| campo de control de longitud fija | 931008s1990 sp |||| | val d |
| 020 ## - NÚMERO INTERNACIONAL ESTÁNDAR DEL LIBRO | |
| Número Internacional Estándar del Libro | 84-7890-274-0 |
| 080 ## - NÚMERO DE LA CLASIFICACIÓN DECIMAL UNIVERSAL | |
| Número de la Clasificación Decimal Universal | 655.1(467.31) |
| 080 ## - NÚMERO DE LA CLASIFICACIÓN DECIMAL UNIVERSAL | |
| Número de la Clasificación Decimal Universal | 002(467.31) |
| 245 03 - MENCIÓN DEL TÍTULO | |
| Título | La impremta valenciana |
| Resto del título | : [exposición], Llotja dels Mercaders, 20 de novembre de 1990 a 12 de gener de 1991. |
| 260 ## - PUBLICACIÓN, DISTRIBUCIÓN, ETC. | |
| Lugar de publicación, distribución, etc. | València : |
| Nombre del editor, distribuidor, etc. | Conselleria de Cultura, Educació i Ciència, |
| Fecha de publicación, distribución, etc. | D.L.1990. |
| 300 ## - DESCRIPCIÓN FÍSICA | |
| Extensión | 1 v. (pag. var.) : |
| Otras características físicas | il. ; |
| Dimensiones | 33 cm. |
| 500 ## - NOTA GENERAL | |
| Nota general | Texto en valenciano y traducciones en alemán, castellano e inglés. |
| 650 17 - PUNTO DE ACCESO ADICIONAL DE MATERIA--TÉRMINO DE MATERIA | |
| Término de materia o nombre geográfico como elemento de entrada | Imprenta- |
| Subdivisión geográfica | Comunidad Valenciana |
| Fuente del encabezamiento o término | |
| 9 (RLIN) | 168195 |
| 650 14 - PUNTO DE ACCESO ADICIONAL DE MATERIA--TÉRMINO DE MATERIA | |
| Término de materia o nombre geográfico como elemento de entrada | Libros- |
| Subdivisión geográfica | Comunidad Valenciana- |
| Subdivisión de forma | Historia- |
| -- | Exposiciones. |
| 9 (RLIN) | 168196 |
| 655 #7 - TERMINO DE INDIZACIÓN--GENERO/FORMA | |
| Fuente del término | tgfbne |
| 9 (RLIN) | 193628 |
| Datos o término principal de género/forma | Catálogos de exposiciones |
| 710 1# - ENTRADA AGREGADA--NOMBRE DE ENTIDAD CORPORATIVA | |
| Nombre de entidad corporativa o nombre de jurisdicción como elemento de entrada | Comunidad Valenciana. |
| Unidad subordinada | Consejería de Cultura, Educación y Ciencia. |
| 9 (RLIN) | 7533 |
| 852 ## - LOCALIZACIÓN | |
| Ubicación | ES-MaACL |
| Número de control de estantería | B-7326 |
| 942 ## - ELEMENTOS DE ENTRADA SECUNDARIOS (KOHA) | |
| Fuente del sistema de clasificación o colocación | Clasificación decimal universal |
| Estatus retirado | Estado de pérdida | Estado de daño | No para préstamo | Biblioteca de origen | Biblioteca actual | Ubicación en estantería | Fecha de adquisición | Fuente de adquisición | Total de préstamos | Signatura topográfica completa | Código de barras | Visto por última vez | Precio de reemplazo | Tipo de ítem Koha |
|---|---|---|---|---|---|---|---|---|---|---|---|---|---|---|
| Biblioteca del Ateneo de Madrid | Biblioteca del Ateneo de Madrid | Sala Pardo Bazán | 17/01/2008 | B-7326 | 1009730 | 23/02/2023 | 23/02/2023 | Libro impreso |
